[Event "XX Open Internacional Sant Marti 2018"]
[Site "Barcelona"]
[Date "2018.07.20"]
[Round "8.10"]
[White "Krysa, Leandro"]
[Black "Gorti, Akshita"]
[Result "1-0"]
[BlackElo "2255"]
[WhiteElo "2533"]
[LiveChessVersion "1.4.8"]

1. c4 {[%clk 1:30:57]} e6 {[%clk 1:30:38]} 2. Nc3 {[%clk 1:31:16]} d5
{[%clk 1:30:52]} 3. e3 {[%clk 1:31:38]} Nf6 {[%clk 1:30:07]} 4. Nf3
{[%clk 1:31:36]} Be7 {[%clk 1:29:45]} 5. b3 {[%clk 1:31:43]} O-O {[%clk 1:28:17]}
6. Bb2 c5 {[%clk 1:25:21]} 7. cxd5 {[%clk 1:30:37]} Nxd5 8. Qc2 {[%clk 1:28:23]}
Nc6 {[%clk 1:23:35]} 9. h4 {[%clk 1:28:08]} f5 {[%clk 1:18:43]} 10. a3
{[%clk 1:22:32]} b6 {[%clk 1:14:10]} 11. Nxd5 {[%clk 1:21:05]} Qxd5
{[%clk 1:07:57]} 12. Bc4 {[%clk 1:20:39]} Qd6 {[%clk 1:06:52]} 13. g4
{[%clk 1:15:51]} Na5 {[%clk 0:56:22]} 14. Ne5 {[%clk 0:51:21]} Nxc4
{[%clk 0:43:01]} 15. bxc4 {[%clk 0:45:46]} Bf6 {[%clk 0:32:57]} 16. f4
{[%clk 0:45:40]} Bb7 {[%clk 0:30:48]} 17. Rg1 {[%clk 0:41:00]} Bxh4+
{[%clk 0:26:26]} 18. Ke2 {[%clk 0:39:32]} Bf6 {[%clk 0:26:42]} 19. gxf5
{[%clk 0:31:16]} exf5 {[%clk 0:26:32]} 20. Rg3 {[%clk 0:31:32]} Rae8
{[%clk 0:22:01]} 21. Rag1 {[%clk 0:30:59]} Re7 {[%clk 0:21:54]} 22. Qxf5
{[%clk 0:24:17]} Bxe5 {[%clk 0:17:48]} 23. Qxe5 {[%clk 0:21:47]} Qxe5
{[%clk 0:17:30]} 24. Bxe5 {[%clk 0:21:18]} Rff7 {[%clk 0:17:37]} 25. d4
{[%clk 0:20:20]} cxd4 {[%clk 0:17:16]} 26. exd4 {[%clk 0:20:26]} g6
{[%clk 0:17:29]} 27. Kd3 {[%clk 0:17:50]} Re8 {[%clk 0:16:21]} 28. a4
{[%clk 0:17:36]} Bc8 {[%clk 0:15:05]} 29. d5 {[%clk 0:15:24]} Bf5+
{[%clk 0:15:18]} 30. Kd4 {[%clk 0:15:49]} h5 {[%clk 0:14:54]} 31. Rxg6+
{[%clk 0:15:07]} Bxg6 {[%clk 0:14:46]} 32. Rxg6+ {[%clk 0:15:32]} Kh7
{[%clk 0:14:46]} 33. Rg5 {[%clk 0:13:31]} Kh6 {[%clk 0:14:25]} 34. d6
{[%clk 0:13:01]} h4 {[%clk 0:13:34]} 35. Kd5 {[%clk 0:12:43]} Rh7
{[%clk 0:11:00]} 36. Rg1 {[%clk 0:06:35]} Kh5 {[%clk 0:08:07]} 37. f5
{[%clk 0:06:08]} h3 {[%clk 0:05:44]} 38. a5 {[%clk 0:04:17]} Rf8 {[%clk 0:02:08]}
39. f6 {[%clk 0:04:15]} Kh4 {[%clk 0:01:57]} 40. Rg7 {[%clk 0:03:12]} Rh5
{[%clk 0:01:14]} 41. Ke6 {[%clk 0:02:36]} Re8+ {[%clk 0:00:53]} 42. Re7
{[%clk 0:03:02]} Reh8 {[%clk 0:00:35]} 43. f7 {[%clk 0:01:17]} Rxe5+
{[%clk 0:00:31]} 44. Kxe5 {[%clk 0:01:43]} h2 {[%clk 0:00:48]} 45. f8=Q
{[%clk 0:01:38]} Rxf8 {[%clk 0:01:02]} 46. Rh7+ {[%clk 0:02:07]} Kg3
{[%clk 0:01:08]} 47. axb6 {[%clk 0:01:19]} axb6 {[%clk 0:01:07]} 48. d7
{[%clk 0:01:07]} Kg2 {[%clk 0:00:56]} 49. Ke6 {[%clk 0:00:47]} Ra8
{[%clk 0:00:37]} 50. Ke7 {[%clk 0:00:52]} Ra7 {[%clk 0:00:35]} 51. Ke8
{[%clk 0:01:06]} 1-0